000 01066nam a22002777a 4500
005 20191224042000.0
008 150305b2006 ec |||||r|||| 00| 0 spa d
040 _aCo-BoIAVH
_cCo-BoIAVH
041 _aspa
044 _aec
082 0 3 _a333.9115
_bG21a
110 2 _aConsorcio Camaren.
_b Foro de los Recursos Hídricos.
245 1 3 _aEl agua:
_bpatrimonio y derecho
260 _aQuito:
_bForo de los Recurso Hídricos,
_bUnión Europea,
_c2006.
300 _a75 p.
_bilustraciones
_c21 cm.
490 _aCuadernos populares del agua
504 _aIncluye fuentes consultadas (pág. 74-75)
505 _aEl agua y sus recursos naturales. El agua en el mundo. El negocio del agua. El valor del agua. El agua y sus usos en el Ecuador.
650 4 _aAgua
_xrecursos económicos
_zEcuador
650 4 _aDerecho al agua
650 4 _aRecursos hidrobiológicos
650 4 _aRecursos hídricos
650 4 _aRecursos naturales no renovables
_xagua
700 1 _aGarcía, Dennis
_efotografía
942 _2ddc
_cLIBRO
999 _c9083
_d9083